Sports Quiz

Random Sports or Football Quiz

Super Bowl Gatorade Showers Quiz Stats

 Plays Quiz Updated Feb 7, 2021

     
Support Sporcle.
Go Orange.
Score 0/19 Timer 05:00
1 Play Today
% Correct
Jon Gruden
85.3%
Jimmy Johnson
84.4%
Sean Payton
84.2%
Andy Reid
83.4%
Mike Tomlin
83.2%
Tony Dungy
82.6%
Pete Carroll
82.3%
Bill Belichick
82%
Mike McCarthy
77.9%
Bill Parcells
76.9%
% Correct
Bruce Arians
75.1%
Tom Coughlin
73.7%
Joe Gibbs
70.8%
Bill Cowher
70.4%
Doug Pederson
69.7%
Gary Kubiak
64.4%
Brian Billick
56.3%
Barry Switzer
53.6%
George Seifert
45%

From the Vault

Cable Channels: Real or Fake?

by BetterThanKate

Channel surfing Sporcle style.
Remove Ads.
Support Sporcle.
Get the best of Sporcle when you Go Orange. This ad-free experience offers more features, more stats, and more fun while also helping to support Sporcle. Thank you for becoming a member.

Show Comments

Extras

Top Quizzes Today


Score Distribution

Your Account Isn't Verified!

In order to create a playlist on Sporcle, you need to verify the email address you used during registration. Go to your Sporcle Settings to finish the process.

Report this User

Report this user for behavior that violates our Community Guidelines.

Details: